[Event "SVK-chT3A2 1819"]
[Site "Slovakia"]
[Date "2019.03.24"]
[Round "11.5"]
[White "Skreko, Igor1111"]
[Black "Bahna, Jan"]
[Result "1-0"]
[WhiteElo "1547"]
[BlackElo "1820"]
[PlyCount "119"]
[EventDate "2018.10.07"]
[EventType "team-tourn"]
[EventRounds "11"]
[EventCountry "SVK"]
[SourceTitle "EXT 2020"]
[Source "ChessBase"]
[SourceDate "2019.10.17"]
[SourceVersion "1"]
[SourceVersionDate "2019.10.17"]
[SourceQuality "1"]
[WhiteTeam "Modranka Komplet"]
[BlackTeam "Trnava Lokomotiva II"]
[WhiteTeamCountry "SVK"]
[BlackTeamCountry "SVK"]

1. c4 e5 2. Nc3 Nc6 3. g3 g6 4. Bg2 Bg7 5. d3 d6 6. Nf3 Nge7 7. Rb1 h6 8. Bd2 0-0 9. 0-0 Be6 10. a3 Qd7 11. b4 a6 12. Qc2 Bh3 13. e3 Bxg2 14. Kxg2 f5 15. Rfc1 Rac8 16. a4 Rf7 17. b5 axb5 18. axb5 Nd8 19. Ra1 Ne6 20. Ra7 b6 21. Nd5 f4 22. Nxb6 Qd8 23. Nxc8 Qxc8 24. Qa2 Kh7 25. c5 d5 26. b6 e4 27. dxe4 dxe4 28. Ng1 fxg3 29. hxg3 Nc6 30. b7 Qd7 31. Ra8 Rf8 32. Rxf8 Bxf8 33. Bb4 Nxb4 34. Qxe6 Qxe6 35. b8Q Nd3 36. Qxc7+ Kg8 37. Ra1 Qf6 38. Ra2 Bxc5 39. Ra8+ Bf8 40. Qc4+ Qf7 41. Qxf7+ Kxf7 42. Ne2 Bd6 43. Nc3 Nc5 44. Rc8 Ke6 45. g4 Kf7 46. Rd8 Ke6 47. Rh8 Kf6 48. Re8 Kf7 49. Rc8 Ke6 50. Rh8 Kf6 51. Rxh6 Kg5 52. Rh8 Kxg4 53. Rd8 Be7 54. Re8 Bf6 55. Nxe4 Nxe4 56. Rxe4+ Kf5 57. Rf4+ Ke5 58. Rxf6 Kxf6 59. Kg3 Kf5 60. f3 1-0

[Event "SVK-chT3A2 1718"]
[Site "Slovakia"]
[Date "2018.03.25"]
[Round "11.4"]
[White "Bahna, Jan"]
[Black "Jancovicova, Petra"]
[Result "0-1"]
[WhiteElo "1855"]
[BlackElo "1686"]
[PlyCount "124"]
[EventDate "2017.10.08"]
[EventType "team-tourn"]
[EventRounds "11"]
[EventCountry "SVK"]
[SourceTitle "EXT 2020"]
[Source "ChessBase"]
[SourceDate "2019.10.17"]
[SourceVersion "1"]
[SourceVersionDate "2019.10.17"]
[SourceQuality "1"]
[WhiteTeam "Trnava Lokomotiva III"]
[BlackTeam "Vrbove"]
[WhiteTeamCountry "SVK"]
[BlackTeamCountry "SVK"]

1. e4 e5 2. Nf3 Nc6 3. Bb5 a6 4. Ba4 Nf6 5. 0-0 Be7 6. Re1 d6 7. c3 0-0 8. h3 b5 9. Bc2 Re8 10. d3 Na7 11. Nbd2 h6 12. Nf1 c5 13. b3 Nc6 14. Bb2 b4 15. Ne3 bxc3 16. Bxc3 Be6 17. Nc4 Qc7 18. Rb1 Reb8 19. Qd2 Nb4 20. a3 Nxc2 21. Qxc2 Ra7 22. Nfxe5 Qc8 23. Nf3 Rab7 24. e5 Ne8 25. exd6 Bxd6 26. Be5 Bxe5 27. Nfxe5 Qc7 28. Nf3 Rb5 29. Nfd2 Nd6 30. Qc3 Nf5 31. a4 Rb4 32. Qe5 Qxe5 33. Rxe5 Nd4 34. Rxc5 Nxb3 35. Nxb3 Rxb3 36. Rxb3 Rxb3 37. Ra5 Rxd3 38. Nb6 Rd6 39. Rxa6 Bc8 40. Ra8 Rxb6 41. Rxc8+ Kh7 42. Rc3 Rb1+ 43. Kh2 Ra1 44. Rc4 Ra2 45. Kg3 Kg6 46. h4 Ra3+ 47. f3 Ra2 48. Kh3 Ra3 49. Kg4 h5+ 50. Kf4 Ra2 51. g3 Ra3 52. g4 hxg4 53. fxg4 f6 54. h5+ Kh6 55. Kf5 Ra1 56. Ke6 Re1+ 57. Kd6 Ra1 58. Kc6 f5 59. gxf5 Kxh5 60. Kb6 Kg5 61. Rc5 Rxa4 62. Rd5 Rf4 0-1

[Event "SVK-chT3A2 1718"]
[Site "Slovakia"]
[Date "2018.01.07"]
[Round "7.6"]
[White "Spacek, Marcel"]
[Black "Bahna, Jan"]
[Result "1-0"]
[WhiteElo "1793"]
[BlackElo "1855"]
[PlyCount "45"]
[EventDate "2017.10.08"]
[EventType "team-tourn"]
[EventRounds "11"]
[EventCountry "SVK"]
[SourceTitle "EXT 2020"]
[Source "ChessBase"]
[SourceDate "2019.10.17"]
[SourceVersion "1"]
[SourceVersionDate "2019.10.17"]
[SourceQuality "1"]
[WhiteTeam "Senica CVC"]
[BlackTeam "Trnava Lokomotiva III"]
[WhiteTeamCountry "SVK"]
[BlackTeamCountry "SVK"]

1. d4 d5 2. c4 e6 3. Nf3 Nf6 4. g3 Be7 5. Bg2 Nbd7 6. 0-0 c5 7. b3 dxc4 8. bxc4 0-0 9. Qc2 a6 10. Rd1 cxd4 11. Nxd4 Qc7 12. Nd2 Rd8 13. Bb2 Nc5 14. a4 Nfd7 15. a5 Bf6 16. Bc3 g6 17. Qb2 e5 18. Nc2 Re8 19. Nb4 Bg7 20. Nd5 Qb8 21. f4 Ne6 22. Ne4 f6 23. Nd6 1-0

[Event "SVK-chT3A2 1718"]
[Site "Slovakia"]
[Date "2017.12.03"]
[Round "5.6"]
[White "Bahna, Jan"]
[Black "Racik, Marek"]
[Result "0-1"]
[WhiteElo "1855"]
[BlackElo "1838"]
[PlyCount "86"]
[EventDate "2017.10.08"]
[EventType "team-tourn"]
[EventRounds "11"]
[EventCountry "SVK"]
[SourceTitle "EXT 2020"]
[Source "ChessBase"]
[SourceDate "2019.10.17"]
[SourceVersion "1"]
[SourceVersionDate "2019.10.17"]
[SourceQuality "1"]
[WhiteTeam "Trnava Lokomotiva III"]
[BlackTeam "Hlohovec"]
[WhiteTeamCountry "SVK"]
[BlackTeamCountry "SVK"]

1. e4 e5 2. Nf3 Nc6 3. Bb5 Bc5 4. 0-0 Nf6 5. d3 d6 6. h3 0-0 7. c3 a6 8. Ba4 b5 9. Bc2 Ba7 10. a4 Bb7 11. b4 d5 12. Qe2 d4 13. Bd2 dxc3 14. Bxc3 Nd4 15. Nxd4 Bxd4 16. Qd2 Nh5 17. Bxd4 Qxd4 18. Qc3 Nf4 19. Qxd4 Ne2+ 20. Kh2 Nxd4 21. Na3 f5 22. f3 f4 23. Rfc1 Rad8 24. Bd1 c6 25. Kg1 Rf6 26. Kf2 g6 27. Nb1 Ne6 28. Rc3 Rd4 29. axb5 cxb5 30. Nd2 Rxb4 31. Bb3 Kf8 32. Bxe6 Rxe6 33. Rac1 Rb2 34. R1c2 Rxc2 35. Rxc2 Rc6 36. Rb2 Rc3 37. Ke2 Bc6 38. Nb3 b4 39. Kd2 Bb5 40. Nc1 a5 41. Rc2 Rxc2+ 42. Kxc2 Ba4+ 43. Kb2 Ke7 0-1

[Event "SVK-chT3A2 1718"]
[Site "Slovakia"]
[Date "2017.11.05"]
[Round "3.5"]
[White "Markuliak, Mario"]
[Black "Bahna, Jan"]
[Result "0-1"]
[WhiteElo "1883"]
[BlackElo "1855"]
[PlyCount "102"]
[EventDate "2017.10.08"]
[EventType "team-tourn"]
[EventRounds "11"]
[EventCountry "SVK"]
[SourceTitle "EXT 2020"]
[Source "ChessBase"]
[SourceDate "2019.10.17"]
[SourceVersion "1"]
[SourceVersionDate "2019.10.17"]
[SourceQuality "1"]
[WhiteTeam "Cifer"]
[BlackTeam "Trnava Lokomotiva III"]
[WhiteTeamCountry "SVK"]
[BlackTeamCountry "SVK"]

1. c4 e5 2. Nc3 Nc6 3. g3 g6 4. Bg2 Bg7 5. d3 d6 6. Nf3 Nge7 7. 0-0 0-0 8. Rb1 h6 9. b4 a6 10. Bd2 Be6 11. a4 Qd7 12. Qc2 Bh3 13. Rfc1 Bxg2 14. Kxg2 Rfe8 15. e4 f5 16. Nd5 Nd4 17. Nxd4 Nxd5 18. Nxf5 gxf5 19. cxd5 c6 20. Qb3 Kh7 21. dxc6 bxc6 22. Rc2 Rf8 23. Rbc1 f4 24. f3 fxg3 25. hxg3 Rxf3 26. Kxf3 Qh3 27. Be1 Rf8+ 28. Ke3 h5 29. Kd2 d5 30. Kc3 dxe4 31. Kb2 exd3 32. Qxd3+ e4+ 33. Qc3 Bxc3+ 34. Rxc3 Rf6 35. Rc5 e3 36. Re5 Qg2+ 37. Rc2 Qf3 38. Rh2 Rf5 39. Re7+ Kg6 40. Bc3 Rf7 41. Re6+ Kh7 42. Re5 Rf5 43. Re7+ Kg8 44. g4 Qf2+ 45. Rxf2 exf2 46. gxf5 f1Q 47. f6 h4 48. Rg7+ Kf8 49. f7 h3 50. Rh7 Qg2+ 51. Kb3 h2 0-1

[Event "SVK-chT3A2 1718"]
[Site "Slovakia"]
[Date "2017.10.08"]
[Round "1.4"]
[White "Bahna, Jan"]
[Black "Gasa, Andrej"]
[Result "0-1"]
[WhiteElo "1855"]
[BlackElo "2259"]
[PlyCount "118"]
[EventDate "2017.10.08"]
[EventType "team-tourn"]
[EventRounds "11"]
[EventCountry "SVK"]
[SourceTitle "EXT 2020"]
[Source "ChessBase"]
[SourceDate "2019.10.17"]
[SourceVersion "1"]
[SourceVersionDate "2019.10.17"]
[SourceQuality "1"]
[WhiteTeam "Trnava Lokomotiva III"]
[BlackTeam "Senica SK"]
[WhiteTeamCountry "SVK"]
[BlackTeamCountry "SVK"]

1. e4 c5 2. Nc3 a6 3. g3 Nc6 4. Bg2 g6 5. d3 Bg7 6. Nge2 d6 7. Be3 Nf6 8. h3 Rb8 9. Qd2 Qa5 10. 0-0 0-0 11. Bh6 Bd7 12. Kh2 Rfe8 13. Bxg7 Kxg7 14. f4 Nd4 15. Rad1 Nxe2 16. Qxe2 Qb4 17. Rb1 Qa5 18. a3 b5 19. e5 Ng8 20. Qe1 Qd8 21. g4 b4 22. axb4 cxb4 23. Nd5 a5 24. b3 Rc8 25. Ne3 Bc6 26. Ra1 Bxg2 27. Kxg2 d5 28. Kh2 e6 29. Qg3 Qc7 30. Rf2 f6 31. f5 exf5 32. Nxd5 Qxe5 33. Qxe5 Rxe5 34. Nb6 Rce8 35. gxf5 Nh6 36. fxg6 hxg6 37. Nc4 Rh5 38. Kg2 Rg5+ 39. Kh2 Rh8 40. Rxa5 Rxa5 41. Nxa5 Ng4+ 42. Kg3 Nxf2 43. Kxf2 Rxh3 44. Kg2 Rh5 45. Nc6 Rb5 46. Kf3 f5 47. d4 g5 48. d5 Rxd5 49. Nxb4 Rd8 50. Nc6 Rd2 51. Nb4 Kg6 52. Ke3 Rd6 53. Nd3 Re6+ 54. Kf2 f4 55. b4 Kf5 56. b5 Rd6 57. Nb4 g4 58. c3 g3+ 59. Kf3 Rd2 0-1

[Event "SVK-chT3A2 1617"]
[Site "Slovakia"]
[Date "2017.02.05"]
[Round "8.1"]
[White "Trojkova, Michaela"]
[Black "Bahna, Jan"]
[Result "0-1"]
[WhiteElo "1703"]
[BlackElo "1880"]
[PlyCount "76"]
[EventDate "2016.10.16"]
[EventType "team-tourn"]
[EventRounds "11"]
[EventCountry "SVK"]
[SourceTitle "EXT 2020"]
[Source "ChessBase"]
[SourceDate "2019.10.17"]
[SourceVersion "1"]
[SourceVersionDate "2019.10.17"]
[SourceQuality "1"]
[WhiteTeam "Senica CVC"]
[BlackTeam "Trnava Lokomotiva III"]
[WhiteTeamCountry "SVK"]
[BlackTeamCountry "SVK"]

1. e4 e5 2. Nf3 Nc6 3. Bc4 Bc5 4. d3 Nf6 5. Bg5 0-0 6. Nc3 Be7 7. 0-0 d6 8. h3 Na5 9. Bb3 Nxb3 10. axb3 c6 11. Be3 a6 12. Na4 Nd7 13. Qd2 d5 14. Bg5 d4 15. Bxe7 Qxe7 16. Qa5 Qd8 17. Qb4 b5 18. Nc5 a5 19. Nxd7 axb4 20. Nxf8 Rxa1 21. Rxa1 f6 22. Nxh7 Kxh7 23. Ra8 Qc7 24. Nh4 c5 25. Nf5 Bxf5 26. exf5 c4 27. bxc4 bxc4 28. dxc4 Qxc4 29. c3 bxc3 30. bxc3 dxc3 31. Ra1 c2 32. Rc1 Qc3 33. g4 Qd2 34. Rxc2 Qxc2 35. Kg2 e4 36. Kg3 Qd3+ 37. Kh4 Qf3 38. g5 Qf4+ 0-1

[Event "SVK-chT3A2 1617"]
[Site "Slovakia"]
[Date "2017.01.08"]
[Round "6.2"]
[White "Bendzela, Tibor"]
[Black "Bahna, Jan"]
[Result "1-0"]
[WhiteElo "1657"]
[BlackElo "1880"]
[PlyCount "77"]
[EventDate "2016.10.16"]
[EventType "team-tourn"]
[EventRounds "11"]
[EventCountry "SVK"]
[SourceTitle "EXT 2020"]
[Source "ChessBase"]
[SourceDate "2019.10.17"]
[SourceVersion "1"]
[SourceVersionDate "2019.10.17"]
[SourceQuality "1"]
[WhiteTeam "Senica SK"]
[BlackTeam "Trnava Lokomotiva III"]
[WhiteTeamCountry "SVK"]
[BlackTeamCountry "SVK"]

1. e4 e5 2. d4 exd4 3. Qxd4 Nc6 4. Qe3 d6 5. Nc3 Nf6 6. Bd2 Be7 7. 0-0-0 h6 8. f3 Be6 9. Be2 a5 10. Kb1 a4 11. Bb5 a3 12. b3 Kf8 13. g4 Ne5 14. h4 Nfd7 15. Qf2 c6 16. Be2 Ng6 17. h5 Nge5 18. Qg3 Nc4 19. Bc1 Qb6 20. f4 f6 21. g5 Ra5 22. Nh3 Qb4 23. Bxc4 Bxc4 24. Bd2 Qb6 25. Nd5 Rxd5 26. exd5 Bxd5 27. Rhe1 hxg5 28. fxg5 Ne5 29. gxf6 Bxf6 30. Rf1 Rxh5 31. Nf4 Rg5 32. Qh3 Nf3 33. Nxd5 Nxd2+ 34. Rxd2 cxd5 35. Qc8+ Kf7 36. Qd7+ Kf8 37. Rh1 Rg1+ 38. Rd1 Rxd1+ 39. Rxd1 1-0

[Event "SVK-chT3A2 1617"]
[Site "Slovakia"]
[Date "2016.11.27"]
[Round "4.3"]
[White "Janas, Peter"]
[Black "Bahna, Jan"]
[Result "1/2-1/2"]
[WhiteElo "1680"]
[BlackElo "1880"]
[PlyCount "88"]
[EventDate "2016.10.16"]
[EventType "team-tourn"]
[EventRounds "11"]
[EventCountry "SVK"]
[SourceTitle "EXT 2020"]
[Source "ChessBase"]
[SourceDate "2019.10.17"]
[SourceVersion "1"]
[SourceVersionDate "2019.10.17"]
[SourceQuality "1"]
[WhiteTeam "Hlohovec"]
[BlackTeam "Trnava Lokomotiva III"]
[WhiteTeamCountry "SVK"]
[BlackTeamCountry "SVK"]

1. Nf3 d5 2. d4 Nf6 3. g3 e6 4. Bg2 Nbd7 5. 0-0 c5 6. c3 Be7 7. Nbd2 0-0 8. Qc2 b6 9. e4 dxe4 10. Nxe4 Bb7 11. Nxf6+ Nxf6 12. dxc5 Bxc5 13. Bg5 h6 14. Rad1 Qe7 15. Bxf6 Qxf6 16. Nd2 Bxg2 17. Kxg2 Rfd8 18. Nb3 Rac8 19. Nxc5 Rxc5 20. Rxd8+ Qxd8 21. Rd1 Qc7 22. Qe4 g6 23. Qa8+ Kg7 24. Qe8 Qc6+ 25. Qxc6 Rxc6 26. Rd7 a6 27. Kf3 Kf6 28. Ke4 g5 29. a3 b5 30. Rd8 Rc4+ 31. Rd4 Rc6 32. Rd8 h5 33. f3 Ke7 34. Rh8 h4 35. Ke3 hxg3 36. hxg3 Rc4 37. Ra8 Ra4 38. Ra7+ Kf6 39. Rc7 Kg6 40. Rc6 Kf5 41. g4+ Ke5 42. Rc5+ Kf6 43. Rc6 Ke5 44. Rc5+ Kf6 1/2-1/2

[Event "SVK-chT3A2 1516"]
[Site "Slovakia"]
[Date "2016.04.10"]
[Round "11.2"]
[White "Lukacovic, Miroslav"]
[Black "Bahna, Jan"]
[Result "1-0"]
[WhiteElo "1993"]
[BlackElo "1895"]
[PlyCount "55"]
[EventDate "2015.10.11"]
[EventType "team-tourn"]
[EventRounds "11"]
[EventCountry "SVK"]
[SourceTitle "EXT 2020"]
[Source "ChessBase"]
[SourceDate "2019.10.17"]
[SourceVersion "1"]
[SourceVersionDate "2019.10.17"]
[SourceQuality "1"]
[WhiteTeam "Sered MSK"]
[BlackTeam "Trnava Lokomotiva III"]
[WhiteTeamCountry "SVK"]
[BlackTeamCountry "SVK"]

1. d4 d5 2. Nf3 Nf6 3. Bf4 e6 4. e3 a6 5. Bd3 Be7 6. Nbd2 Nbd7 7. c3 c5 8. 0-0 c4 9. Bc2 0-0 10. Ne5 Nxe5 11. dxe5 Ne8 12. Nf3 f5 13. exf6 Nxf6 14. Ne5 Bd6 15. Bg3 Qc7 16. f4 b5 17. Nf3 Bd7 18. Qe2 Bc6 19. Rad1 Rad8 20. Bb1 Be8 21. Bh4 Rd7 22. h3 Kh8 23. Nd4 Bf7 24. Kh1 Bg8 25. f5 exf5 26. Rxf5 Be5 27. Rdf1 Rd6 28. Rxe5 1-0

[Event "SVK-chT3A2 1516"]
[Site "Slovakia"]
[Date "2016.02.21"]
[Round "8.4"]
[White "Bahna, Jan"]
[Black "Smrek, Peter"]
[Result "1-0"]
[WhiteElo "1895"]
[BlackElo "1808"]
[PlyCount "100"]
[EventDate "2015.10.11"]
[EventType "team-tourn"]
[EventRounds "11"]
[EventCountry "SVK"]
[SourceTitle "EXT 2020"]
[Source "ChessBase"]
[SourceDate "2019.10.17"]
[SourceVersion "1"]
[SourceVersionDate "2019.10.17"]
[SourceQuality "1"]
[WhiteTeam "Trnava Lokomotiva III"]
[BlackTeam "Vrbove"]
[WhiteTeamCountry "SVK"]
[BlackTeamCountry "SVK"]

1. e4 c5 2. Nc3 Nc6 3. g3 g6 4. Bg2 Bg7 5. d3 d6 6. Nge2 e6 7. 0-0 Nge7 8. Be3 Nd4 9. Qd2 Nxe2+ 10. Qxe2 Bd7 11. Qd2 b5 12. Bh6 0-0 13. Bxg7 Kxg7 14. Rad1 b4 15. Ne2 e5 16. h3 Be6 17. f4 f6 18. Kh2 a5 19. g4 Bxa2 20. b3 a4 21. Nc1 axb3 22. cxb3 Qa5 23. Rf2 Bb1 24. Ne2 Qa2 25. Qc1 Qxb3 26. Qxb1 Qxb1 27. Rxb1 Ra2 28. Kg3 exf4+ 29. Nxf4 Rfa8 30. Rbb2 Rxb2 31. Rxb2 Nc6 32. e5 Ra6 33. exd6 Ne5 34. Ne6+ Kf7 35. Nxc5 Rxd6 36. Be4 Rb6 37. d4 Rb5 38. Rb3 Ke7 39. Na6 f5 40. gxf5 gxf5 41. Bg2 Rb6 42. dxe5 Rxa6 43. Rxb4 Rg6+ 44. Kf3 Ke6 45. Rb5 f4 46. Bf1 Rg1 47. Bc4+ Kf5 48. Bd3+ Ke6 49. Kxf4 h6 50. Rb6+ Kd5 1-0

[Event "SVK-chT3A2 1516"]
[Site "Slovakia"]
[Date "2016.01.17"]
[Round "6.3"]
[White "Kubis, Ivan"]
[Black "Bahna, Jan"]
[Result "1-0"]
[WhiteElo "1949"]
[BlackElo "1895"]
[PlyCount "79"]
[EventDate "2015.10.11"]
[EventType "team-tourn"]
[EventRounds "11"]
[EventCountry "SVK"]
[SourceTitle "EXT 2020"]
[Source "ChessBase"]
[SourceDate "2019.10.17"]
[SourceVersion "1"]
[SourceVersionDate "2019.10.17"]
[SourceQuality "1"]
[WhiteTeam "Gbely Nafta"]
[BlackTeam "Trnava Lokomotiva III"]
[WhiteTeamCountry "SVK"]
[BlackTeamCountry "SVK"]

1. e4 e5 2. Nf3 Nc6 3. Bc4 Nf6 4. d3 Be7 5. 0-0 d6 6. c3 0-0 7. h3 Na5 8. Bb5 a6 9. Ba4 b5 10. Bc2 c5 11. Be3 Qc7 12. Re1 h6 13. Nbd2 Re8 14. Nf1 Bf8 15. Ng3 Nc6 16. a4 b4 17. Qc1 Kh7 18. Nh2 Rb8 19. f4 g6 20. Rf1 Ng8 21. f5 Qe7 22. Qd2 Bg7 23. Rf3 Rf8 24. Raf1 Nf6 25. Ng4 g5 26. Nxf6+ Bxf6 27. Nh5 b3 28. Bd1 Rg8 29. g4 Bd7 30. Be2 Rb6 31. Kg2 Qd8 32. Rh1 Na5 33. Nxf6+ Qxf6 34. h4 gxh4 35. Rfh3 Kg7 36. Rxh4 Kf8 37. Rxh6 Qd8 38. d4 cxd4 39. cxd4 Qc7 40. Qxa5 1-0

[Event "SVK-chT3A2 1516"]
[Site "Slovakia"]
[Date "2015.11.15"]
[Round "3.6"]
[White "Matis, Tibor"]
[Black "Bahna, Jan"]
[Result "1-0"]
[WhiteElo "1717"]
[BlackElo "1895"]
[PlyCount "79"]
[EventDate "2015.10.11"]
[EventType "team-tourn"]
[EventRounds "11"]
[EventCountry "SVK"]
[SourceTitle "EXT 2020"]
[Source "ChessBase"]
[SourceDate "2019.10.17"]
[SourceVersion "1"]
[SourceVersionDate "2019.10.17"]
[SourceQuality "1"]
[WhiteTeam "Dunajska Streda II"]
[BlackTeam "Trnava Lokomotiva III"]
[WhiteTeamCountry "SVK"]
[BlackTeamCountry "SVK"]

1. e4 e5 2. Nf3 Nc6 3. d4 f6 4. c3 d6 5. b4 a6 6. Bc4 b5 7. Bb3 Nge7 8. 0-0 Bg4 9. Be3 exd4 10. Bxd4 Nxd4 11. cxd4 Nc6 12. Bd5 Bd7 13. Qc1 Nxb4 14. Bxa8 Qxa8 15. a3 Nc6 16. Nbd2 Be7 17. d5 Nd8 18. Qxc7 Nf7 19. Rac1 Bd8 20. Qc3 Ke7 21. Nd4 Bb6 22. N2b3 Ne5 23. Nd2 Rc8 24. Qe3 Rxc1 25. Rxc1 Qa7 26. N2b3 Nc4 27. Qc3 Nxa3 28. Kf1 Nc4 29. Re1 a5 30. Nf5+ Kf8 31. g4 a4 32. Nbd4 Ba5 33. Qh3 h6 34. Rc1 a3 35. Rxc4 bxc4 36. Qxa3 Qc5 37. Qxc5 dxc5 38. Nc6 Bd2 39. Ke2 c3 40. Kd3 1-0

[Event "SVK-ch Seniors"]
[Site "Tatranske Matliare"]
[Date "2015.06.03"]
[Round "6"]
[White "Petras, Milan"]
[Black "Bahna, Jan"]
[Result "1-0"]
[WhiteElo "1997"]
[BlackElo "1917"]
[PlyCount "49"]
[EventDate "2015.05.30"]
[EventType "swiss"]
[EventRounds "9"]
[EventCountry "SVK"]
[SourceTitle "EXT 2017"]
[Source "ChessBase"]
[SourceDate "2016.10.25"]
[SourceVersion "1"]
[SourceVersionDate "2016.10.25"]
[SourceQuality "1"]

1. e4 e5 2. Nc3 Nf6 3. f4 d5 4. fxe5 Nxe4 5. Nf3 Be7 6. d3 Nxc3 7. bxc3 0-0 8. Be2 f6 9. exf6 Bxf6 10. d4 Bh4+ 11. g3 Be7 12. 0-0 Bh3 13. Rf2 Nd7 14. Bd3 Bg4 15. Qf1 c6 16. Bd2 Bf5 17. Re1 Bxd3 18. cxd3 Bf6 19. Rfe2 h6 20. Qh3 Kh7 21. Qh5 Rc8 22. Re6 Rg8 23. Rd6 Rc7 24. Ne5 Qe7 25. Qg6+ 1-0

[Event "SVK-chT3A2 1314"]
[Site "Slovakia"]
[Date "2014.02.16"]
[Round "9.1"]
[White "Kozinka, Jan"]
[Black "Bahna, Jan"]
[Result "0-1"]
[WhiteElo "1809"]
[BlackElo "1951"]
[PlyCount "104"]
[EventDate "2013.10.13"]
[EventType "team-tourn"]
[EventRounds "11"]
[EventCountry "SVK"]
[SourceTitle "EXT 2015"]
[Source "ChessBase"]
[SourceDate "2014.11.20"]
[SourceVersion "1"]
[SourceVersionDate "2014.11.20"]
[SourceQuality "1"]
[WhiteTeam "Trnava Modranka Jun"]
[BlackTeam "Trnava Lokomotiva III"]
[WhiteTeamCountry "SVK"]
[BlackTeamCountry "SVK"]

1. Nf3 Nf6 2. c4 Nc6 3. Nc3 e5 4. e3 d6 5. d4 Be7 6. d5 Nb8 7. Bd3 Nbd7 8. b4 a5 9. Ba3 axb4 10. Bxb4 0-0 11. 0-0 c5 12. dxc6 bxc6 13. a4 Ba6 14. Qc2 Re8 15. Rfd1 Qc7 16. Nd2 Rab8 17. Rdb1 Bf8 18. h3 g6 19. Nce4 Nxe4 20. Nxe4 f5 21. Nc3 e4 22. Bf1 Ne5 23. Nd1 Qf7 24. c5 Bxf1 25. Kxf1 Nd3 26. Ba3 dxc5 27. Rxb8 Rxb8 28. a5 Ra8 29. Bb2 Ra7 30. Ra4 Bd6 31. g3 Kf8 32. Bc3 Qd5 33. Ba1 Nb4 34. Qc1 Qd3+ 35. Kg2 Qe2 36. Qb2 Qxb2 37. Bxb2 Bc7 38. Bc3 Rxa5 39. Rxa5 Bxa5 40. Nb2 Bc7 41. Kf1 Ke7 42. Ke2 Ke6 43. Kd2 Kd5 44. Bf6 Ba5 45. Ke2 c4 46. Na4 Na2 47. Kd1 c3 48. Be7 Kc4 49. Kc2 c5 50. Bxc5 Kb5 51. Kb3 Nc1+ 52. Kc2 Nd3 0-1

[Event "SVK-chT3A2 1314"]
[Site "Slovakia"]
[Date "2014.02.02"]
[Round "8.6"]
[White "Csefalvay, Stefan"]
[Black "Bahna, Jan"]
[Result "1/2-1/2"]
[WhiteElo "1852"]
[BlackElo "1951"]
[PlyCount "110"]
[EventDate "2013.10.13"]
[EventType "team-tourn"]
[EventRounds "11"]
[EventCountry "SVK"]
[SourceTitle "EXT 2015"]
[Source "ChessBase"]
[SourceDate "2014.11.20"]
[SourceVersion "1"]
[SourceVersionDate "2014.11.20"]
[SourceQuality "1"]
[WhiteTeam "Velky Meder MSK Corvin"]
[BlackTeam "Trnava Lokomotiva III"]
[WhiteTeamCountry "SVK"]
[BlackTeamCountry "SVK"]

1. b3 e5 2. Bb2 Nc6 3. e3 d5 4. Bb5 f6 5. Bxc6+ bxc6 6. Ne2 Nh6 7. f4 Nf7 8. 0-0 Bd6 9. c4 0-0 10. Nbc3 Bb7 11. Rc1 Rb8 12. d4 dxc4 13. bxc4 c5 14. Ba1 Qe7 15. fxe5 fxe5 16. d5 Qh4 17. e4 Nh6 18. Qd3 Ba6 19. Ng3 Rxf1+ 20. Nxf1 Ng4 21. Qg3 Qxg3 22. Nxg3 Bxc4 23. h3 Nf6 24. Kf2 Ba6 25. Ke3 g6 26. Na4 Nd7 27. Bc3 c4 28. Nf1 Bb4 29. Nd2 Kf7 30. Rf1+ Ke7 31. Rc1 Bxc3 32. Nxc3 Rb2 33. Rb1 Rxb1 34. Ndxb1 Kd6 35. Nd2 Kc5 36. a3 Bb5 37. Nf3 h6 38. g4 Ba6 39. Nh4 Nf8 40. Na4+ Kd6 41. Nc3 c6 42. dxc6 Kxc6 43. Nf3 Kd6 44. Nd5 Bb7 45. Nc3 Bc6 46. Nd2 Kc5 47. Nf3 Nd7 48. Nh4 Nf8 49. Nf3 Kd6 50. Nd2 g5 51. Nxc4+ Ke6 52. Nd2 Ng6 53. Nf3 Nf4 54. Ng1 Kf6 55. Nce2 h5 1/2-1/2

[Event "SVK-chT3A2 1314"]
[Site "Slovakia"]
[Date "2013.12.01"]
[Round "4.4"]
[White "Bahna, Jan"]
[Black "Kocak, Branislav"]
[Result "1/2-1/2"]
[WhiteElo "1951"]
[BlackElo "1912"]
[PlyCount "40"]
[EventDate "2013.10.13"]
[EventType "team-tourn"]
[EventRounds "11"]
[EventCountry "SVK"]
[SourceTitle "EXT 2015"]
[Source "ChessBase"]
[SourceDate "2014.11.20"]
[SourceVersion "1"]
[SourceVersionDate "2014.11.20"]
[SourceQuality "1"]
[WhiteTeam "Trnava Lokomotiva III"]
[BlackTeam "Gbely Nafta"]
[WhiteTeamCountry "SVK"]
[BlackTeamCountry "SVK"]

1. e4 c5 2. Nc3 a6 3. g3 g6 4. Bg2 Bg7 5. d3 d6 6. Nge2 Nc6 7. 0-0 Nd4 8. h3 Nxe2+ 9. Nxe2 Nf6 10. Kh2 Qc7 11. f4 Bd7 12. a4 h5 13. c3 Bc6 14. Qc2 e6 15. c4 e5 16. f5 Qe7 17. Bd2 a5 18. Rf2 g5 19. Rh1 Nd7 20. b3 f6 1/2-1/2

[Event "SVK-chT3A2 1213"]
[Site "Slovakia"]
[Date "2013.03.10"]
[Round "10.2"]
[White "Bahna, Jan"]
[Black "Strakac, Petr"]
[Result "0-1"]
[WhiteElo "1943"]
[BlackElo "2066"]
[PlyCount "66"]
[EventDate "2012.10.07"]
[EventType "team-tourn"]
[EventRounds "11"]
[EventCountry "SVK"]
[SourceTitle "EXT 2015"]
[Source "ChessBase"]
[SourceDate "2014.11.20"]
[SourceVersion "1"]
[SourceVersionDate "2014.11.20"]
[SourceQuality "1"]
[WhiteTeam "Trnava Lokomotiva Solartec III"]
[BlackTeam "Skalica"]
[WhiteTeamCountry "SVK"]
[BlackTeamCountry "SVK"]

1. e4 e5 2. Nf3 Nc6 3. Bb5 a6 4. Ba4 Nf6 5. 0-0 Be7 6. Re1 b5 7. Bb3 0-0 8. a4 b4 9. c3 d5 10. exd5 Nxd5 11. Nxe5 Nxe5 12. Rxe5 c6 13. Bxd5 cxd5 14. d4 Bd6 15. Re1 Qh4 16. g3 Qh3 17. Nd2 Bg4 18. f3 Bxg3 19. hxg3 Qxg3+ 20. Kh1 Rae8 21. Re5 f6 22. fxg4 fxe5 23. Qg1 Qh4+ 24. Qh2 Qe1+ 25. Qg1 exd4 26. Qxe1 Rxe1+ 27. Kg2 dxc3 28. bxc3 bxc3 29. Nf3 Rd1 30. a5 d4 31. Bb2 Rxa1 32. Bxa1 c2 33. Bb2 Rb8 0-1

[Event "SVK-ch Seniors"]
[Site "Tatranske Matliare"]
[Date "2012.06.06"]
[Round "6"]
[White "Bahna, Jan"]
[Black "Milovnik, Juraj"]
[Result "1/2-1/2"]
[WhiteElo "1956"]
[BlackElo "2025"]
[PlyCount "32"]
[EventDate "2012.06.02"]
[EventType "swiss"]
[EventRounds "9"]
[EventCountry "SVK"]
[SourceTitle "EXT 2014"]
[Source "ChessBase"]
[SourceDate "2013.11.20"]
[SourceVersion "1"]
[SourceVersionDate "2013.11.20"]
[SourceQuality "1"]

1. e4 c5 2. Nc3 Nc6 3. g3 g6 4. Bg2 Bg7 5. d3 e6 6. Nge2 Nge7 7. 0-0 0-0 8. Be3 Nd4 9. Qd2 d6 10. Nd1 Rb8 11. a4 b6 12. Nxd4 cxd4 13. Bh6 Qc7 14. Bxg7 Kxg7 15. c4 e5 16. f4 f5 1/2-1/2